000 00576nam a2200229Ia 4500
003 OSt
005 20220924144554.0
006 a|||||r|||| 00| 0
007 ta
008 220923b |||||||| |||| 00| 0 urd d
024 _a315873
037 _cTextual
040 _aARTS
_cARTS
_burd
041 _2urd
_aurd
082 _aO168,1NQA1,1, J1
100 _aJalalabadi Qamar
_9217930
245 0 _aMahatma Gandhi
260 _c1951
650 _aURDU POETRY
942 _hO168,1NQA1,1, J1
_cTEXL
_2CC
999 _c457508
_d457508